000 00369 a2200097 4500
245 0 0 _aElementy urządzeń mikrofalowych - Falowody prostokątne obniżone Główne wymiary PN-75/T-80330 /
_cMin. Przem. Maszynowego.
246 1 3 _aPN-75/T-80330
246 1 3 _a621.317.7.029.6:621.372.822
260 _aWarszawa :
_bMin. Przem. Maszynowego,
_c1975.
300 _a2 stron ;
_c30 cm.
650 _aPolska norma
999 _c19525
_d19525